000 00888nam a2200253Ia 4500
003 OSt
005 20221005105358.0
006 a|||||r|||| 00| 0
007 ta
008 221004b |||||||| |||| 00| 0 hin d
024 _a31149
037 _cTextual
040 _aCRL
_cCRL
_bhin
041 _2hin
_ahin
082 _aWv, 152M0
100 _aअवस्थी, रामकुमार
245 0 _aराजनीतिशास्त्र के नए क्षितिज
246 _aRājanītishāstra ke nae kṣhitija
260 _aनई दिल्ली
_bदि मैकमिलन कंपनी ऑफ इंडिया लिमिटेड भारत
_c1980
300 _a387पृ.
_ccm.
490 _vखंड - 1
942 _hWv, 152M0
_cTEXL
_2cc
999 _c1015653
_d1015653